Hanukkah : (Record no. 190)

MARC details
000 -LEADER
fixed length control field 01051cam a2200313 i 4500
005 - DATE AND TIME OF LATEST TRANSACTION
control field 20260322212010.0
008 - FIXED-LENGTH DATA ELEMENTS--GENERAL INFORMATION
fixed length control field data
010 ## - LIBRARY OF CONGRESS CONTROL NUMBER
LC control number 80015852
020 ## - INTERNATIONAL STANDARD BOOK NUMBER
International Standard Book Number 0823403777 :
Terms of availability {dollar}8.95
020 ## - INTERNATIONAL STANDARD BOOK NUMBER
International Standard Book Number 9780823403776 :
Terms of availability {dollar}8.95
040 ## - CATALOGING SOURCE
Original cataloging agency DLC
Transcribing agency DLC
Modifying agency DLC
042 ## - AUTHENTICATION CODE
Authentication code lcac
050 00 - LIBRARY OF CONGRESS CALL NUMBER
Classification number BM695.H3
Item number D78
082 00 - DEWEY DECIMAL CLASSIFICATION NUMBER
Classification number 394.2/68296435
Edition information 19
092 ## - LOCALLY ASSIGNED DEWEY CALL NUMBER (OCLC)
Classification number 296.4 D78 1980
001 - CONTROL NUMBER
control field data
100 1# - MAIN ENTRY--PERSONAL NAME
Personal name Drucker, Malka.
245 10 - TITLE STATEMENT
Title Hanukkah :
Remainder of title eight nights, eight lights /
Statement of responsibility, etc. Malka Drucker & Brom Hoban.
260 ## - PUBLICATION, DISTRIBUTION, ETC.
Place of publication, distribution, etc. New York :
Name of publisher, distributor, etc. Holiday House,
Date of publication, distribution, etc. c1980.
300 ## - PHYSICAL DESCRIPTION
Extent 95 p. :
Other physical details ill. ;
Dimensions 24 cm.
490 1# - SERIES STATEMENT
Series statement [Her Jewish holidays]
500 ## - GENERAL NOTE
General note Includes index.
504 ## - BIBLIOGRAPHY, ETC. NOTE
Bibliography, etc. note Bibliography: p. 91.
520 ## - SUMMARY, ETC.
Summary, etc. Introduces the history, customs, rituals, foods, games, and gifts associated with the Festival of Lights and includes recipes, crafts, and puzzles for celebrating the Jewish holiday.
650 #0 - SUBJECT ADDED ENTRY--TOPICAL TERM
Topical term or geographic name entry element Hanukkah
General subdivision Juvenile literature.
650 #1 - SUBJECT ADDED ENTRY--TOPICAL TERM
Topical term or geographic name entry element Hanukkah.
700 1# - ADDED ENTRY--PERSONAL NAME
Personal name Hoban, Brom.
800 1# - SERIES ADDED ENTRY--PERSONAL NAME
Personal name Drucker, Malka.
Title of a work Jewish holidays book.
Holdings
Withdrawn status Lost status Damaged status Not for loan Home library Current library Shelving location Date acquired Total checkouts Full call number Barcode Date last seen Price effective from Koha item type
        Centerville Centerville General stacks 22/03/2026   394.2/68296435 19 BC0010197 22/03/2026 22/03/2026 Books